Statistics for All American tv show

Click here to take the quiz!

General Stats

  • This quiz has been taken 11 times
  • The average score is 15 of 22

Answer Stats

HintAnswer% Correct
best friend of the main charactercoop
100%
Wide receiver before main character cameasher
86%
Eagles coachbilly
86%
what happened to #1 when he was walking olivia to the carhe was shot
86%
Linebacker/ party guyjj
86%
The Eagles QBjordan
86%
wife of abovelaura
86%
sister of the aboveolivia
86%
girl who was pregnantsimone
86%
Main Characterspencer
86%
Chargers QBchris
71%
Chargers QB when #18 was hurtdarnell
71%
best friend of the abovelayla
71%
girlfriend of the abovepatience
71%
blood gang member who was #1 and #5 friend as kidsshawn
71%
blood gang leadertyrone
71%
#1 dadcorey
43%
#1 momgrace
43%
who went to jail for trying to kill abovepreach
43%
college where #1,#2, and #20 went to take a visitucla
43%
Chargers receiver after #1 leftcam
29%
#4 dadjp
29%

Score Distribution

Percentile by Number Answered

Percent of People with Each Score

Your Score History

You have not taken this quiz